000 01685cam a22002775a 4500
001 L159655
008 150226s2017 xxk f 000 0 eng d
035 _a(Sirsi) u159655
041 0 _aeng
050 0 4 _a690.0285 $2 18
110 2 _aRoyal Institution of Chartered Surveyors
_94900
245 0 0 _aGlobal trends in data capture and management in real estate and construction
_h[electronic resource]
260 _aLondon
_bRICS
_c2017
490 0 _aRICS Research
490 0 _aRICS Insight
520 _aAnalyses how building related data, including physical, performance and financial information, is currently being captured and managed by key sector representatives. It also highlights the repercussions current data capture and management patterns can have for how countries and organisations meet their energy saving and climate targets and commitments. More specifically, the report investigates what type of data is collected by whom, where and for what reason. It also examines key challenges in relation to better data capture and management which includes issues such as lack of a central storage locations, non-harmonised data collection formats and data reporting obligations, overall data availability and accessibility, and data reliability.
590 _aKA
650 2 4 _aTECHNOLOGY
650 2 4 _aIT
650 2 4 _aDATA ANALYSIS
650 2 4 _aDATA CAPTURE
650 2 4 _aPROPERTY
651 4 _aUnited Kingdom
_y
856 4 0 _uhttps://www.rics.org/globalassets/rics-website/media/knowledge/research/insights/global-trends-in-data-capture-and-management-in-real-estate-and-construction-rics.pdf
_zView the report free of charge at www.rics.org
942 _n0
999 _c116076
_d116076